Colors and Body Parts - Statistics

General Stats
  • This quiz has been taken 3 times
  • The average score is 4 of 24
Answer Stats
Hint Answer % Correct
Natural talent for growing plants Green thumb
67%
Irritation of the eye Pink eye
67%
Source of shame Black eye
33%
Mind acne lesions Black head
33%
Dark humor or grief Black heart
33%
Pretty rare eye color Blue eyes
33%
To have bulging eyes Bug eyed
33%
Symbol of wealth in the mouth Gold tooth
33%
Tendency to drive fast Lead foot
33%
Anger or embarrassment in the face Red face
33%
A cowardly individual Yellow belly
33%
Result of prolonged speech Blue faced
0%
Genetically recessive skin color Brown skin
0%
Weakened ability to grip Butter fingers
0%
Prior nervousness Cold feet
0%
Visible nauseousness Green face
0%
Overwhelming grip strength Iron fist
0%
Movie title and medical device Iron lung
0%
Having an upset expression Long face
0%
Symptom of hypoxia Purple lips
0%
Rare color of hair and a name as such Redhead
0%
Persuasive speaker Silver tongue
0%
A tendency to steal Sticky figners
0%
Symptom of gripping hard White knuckles
0%
No matching quizzes found
Score Distribution
Percent of People with Each Score
Percentile by Number Answered
Your Score History
You have not taken this quiz